Statistiken für Berlins Partnerstädte

Klicken Sie hier um das Quiz zu spielen!

Allgemein

  • Dieses Quiz wurde 20 mal gespielt
  • Das Durchschnittsergebnis liegt bei 9 aus 17

Antwortstatistiken

SeitStadt% Korrekt
2000London
100%
1988Madrid
95%
1987Paris
95%
1994Tokio
90%
1991Moskau
85%
1991Warschau
75%
1992Brüssel
70%
1994Peking
50%
1967Los Angeles
45%
1995Prag
45%
1991Budapest
40%
1989Istanbul
35%
1994Buenos Aires
30%
1993Mexiko-Stadt
30%
1993Jakarta
15%
1993Taschkent
5%
2000Windhoek
5%

Verteilung der Resultate

Perzentil nach korrekt beantworteten Fragen

Anzahl Personen mit jedem Resultat

Ihre Resultats-Entwicklung

Sie haben dieses Quiz noch nicht gespielt